CP/M User Guide (Record no. 10370)
[ view plain ]
| 000 -LEADER | |
|---|---|
| fixed length control field | 00220nam a2200109 4500 |
| 082 ## - DEWEY DECIMAL CLASSIFICATION NUMBER | |
| Classification number | HOG |
| 100 ## - MAIN ENTRY--AUTHOR NAME | |
| Personal name | Hogan |
| 245 ## - TITLE STATEMENT | |
| Title | CP/M User Guide |
| 260 ## - PUBLICATION, DISTRIBUTION, ETC. (IMPRINT) | |
| Place of publication | Singapore: |
| Name of publisher | McGraw-Hill, |
| Year of publication | 1988. |
| 300 ## - PHYSICAL DESCRIPTION | |
| Number of Pages | 200p. ; |
| 942 ## - ADDED ENTRY ELEMENTS (KOHA) | |
| Koha item type | Books |
| Withdrawn status | Lost status | Home library | Current library | Date acquired | Cost, normal purchase price | Serial Enumeration / chronology | Full call number | Accession Number | Koha item type |
|---|---|---|---|---|---|---|---|---|---|
| Central Library, QUEST, Nawabshah | Central Library, QUEST, Nawabshah | 25/09/2014 | 121.27 | 121.27 | HOG | 14445 | Books | ||
| Central Library, QUEST, Nawabshah | Central Library, QUEST, Nawabshah | 26/09/2014 | 121.27 | HOG | 15115 | Computer Files |